ਮੋਤੀਆਂ ਵਰਗੇ ਅੱਖਰ : (Record no. 110238)
[ view plain ]
| 000 -LEADER | |
|---|---|
| fixed length control field | 01041nam a22002537a 4500 |
| 005 - DATE AND TIME OF LATEST TRANSACTION | |
| control field | 20170123164149.0 |
| 010 ## - LIBRARY OF CONGRESS CONTROL NUMBER | |
| LC control number | B-047297 |
| 020 ## - INTERNATIONAL STANDARD BOOK NUMBER | |
| International Standard Book Number | 175.00 |
| 035 ## - SYSTEM CONTROL NUMBER | |
| System control number | B-047297 |
| 037 ## - SOURCE OF ACQUISITION | |
| Source of stock number/acquisition | Cen Lib / Ret |
| 040 ## - CATALOGING SOURCE | |
| Original cataloging agency | DPL |
| Language of cataloging | PN |
| 082 ## - DEWEY DECIMAL CLASSIFICATION NUMBER | |
| Classification number | 854 |
| Item number | ਹੁੰਦਲ |
| 100 ## - MAIN ENTRY--PERSONAL NAME | |
| Personal name | ਹੁੰਦਲ, ਹਰਭਜਨ ਸਿੰਘ |
| 9 (RLIN) | 4285 |
| 245 ## - TITLE STATEMENT | |
| Title | ਮੋਤੀਆਂ ਵਰਗੇ ਅੱਖਰ : |
| Statement of responsibility, etc | ਹਰਭਜਨ ਸਿੰਘ ਹੁੰਦਲ |
| Remainder of title | ਨਿਬੰਧ / |
| 246 ## - VARYING FORM OF TITLE | |
| Title proper/short title | Motian warge akhar : a collection of essays / |
| Remainder of title | by Harbhajan Singh Hundal |
| 260 ## - PUBLICATION, DISTRIBUTION, ETC. (IMPRINT) | |
| Place of publication, distribution, etc | ਦਿੱਲੀ |
| Name of publisher, distributor, etc | ਐਚ ਕੇ ਪ੍ਰਕਾਸ਼ਨ |
| Date of publication, distribution, etc | 2002 |
| 270 ## - ADDRESS | |
| Address | 16/16 (1st floor) ਗੀਤਾ ਕਾਲੋਨੀ ਦਿੱਲੀ |
| City | ਦਿੱਲੀ |
| Postal code | 110031 |
| 300 ## - PHYSICAL DESCRIPTION | |
| Extent | 168p. |
| Dimensions | 23cm(Hb) |
| 650 ## - SUBJECT ADDED ENTRY--TOPICAL TERM | |
| Topical term or geographic name as entry element | ਸਾਹਿਤ -- ਪੰਜਾਬੀ |
| 9 (RLIN) | 128212 |
| 650 ## - SUBJECT ADDED ENTRY--TOPICAL TERM | |
| Topical term or geographic name as entry element | ਪੰਜਾਬੀ- ਨਿਬੰਧ |
| 9 (RLIN) | 128213 |
| 650 ## - SUBJECT ADDED ENTRY--TOPICAL TERM | |
| Topical term or geographic name as entry element | Literature -- Punjabi |
| 9 (RLIN) | 128214 |
| 650 ## - SUBJECT ADDED ENTRY--TOPICAL TERM | |
| Topical term or geographic name as entry element | Punjabi - Essays |
| 9 (RLIN) | 118968 |
| 942 ## - ADDED ENTRY ELEMENTS (KOHA) | |
| Source of classification or shelving scheme | Dewey Decimal Classification |
| Koha item type | Punjabi Bks |
| Classification part | 854 |
| Call number suffix | ਹੁੰਦਲ |
| Withdrawn status | Lost status | Damaged status | Not for loan | Home library | Current library | Date acquired | Source of acquisition | Cost, normal purchase price | Total Checkouts | Full call number | Barcode | Date last seen | Copy number | Cost, replacement price | Price effective from | Koha item type |
|---|---|---|---|---|---|---|---|---|---|---|---|---|---|---|---|---|
| Central Library | Central Library | 16/01/2016 | Cen Lib/Ret | 175.00 | 854 ਹਰਭ | B-047297 | 16/01/2016 | 1 | 175.00 | 16/01/2016 | Punjabi Bks |
